000 00545nam a22001937a 4500
003 KOHA_MİRAKIL
005 20251114122719.0
008 251114b tu ||||| |||| 00| 0 tur d
020 _a9789750830884
040 _aTR-AnABB
_btur
_cTR-AnABB
041 _atur
082 _a813.42
_bPAM 2018
100 1 _aPamuk, Orhan,
245 1 0 _aKafamda bir tuhaflık /
_cOrhan Pamuk
260 _aİstanbul :
_bYapı Kredi Kültür Yayınları,
_c2018
300 _a477 sayfa ;
_c21 cm
650 0 4 _aTürk edebiyatı, roman
942 _2ddc
_cBK
999 _c9387
_d9387
900 _bGizem YORULMAZ